000
00289pab a2200121 454500
008
180718b xxu||||| |||| 00| 0 eng d
100
_a
Engineer, Asghar Ali
245
_a
Role of Police in communal riots
650
_a
Law Enforcement
650
_a
Police
773
_a
Hindu
909
_a
24153
999
_c
24153
_d
24153